Short guide : (Record no. 61303)

MARC details
000 -LEADER
fixed length control field 00747cam a22002411 4500
001 - CONTROL NUMBER
control field sa 64009193
003 - CONTROL NUMBER IDENTIFIER
control field DLC
005 - DATE AND TIME OF LATEST TRANSACTION
control field 20260227112100.0
008 - FIXED-LENGTH DATA ELEMENTS--GENERAL INFORMATION
fixed length control field 850506r1956uuuuio ab f000 0 eng
010 ## - LIBRARY OF CONGRESS CONTROL NUMBER
LC control number sa 64009193
035 ## - SYSTEM CONTROL NUMBER
System control number (OCoLC)12002995
040 ## - CATALOGING SOURCE
Original cataloging agency DLC
Transcribing agency IDeKN
Modifying agency DLC
043 ## - GEOGRAPHIC AREA CODE
Geographic area code a-io---
050 00 - LIBRARY OF CONGRESS CALL NUMBER
Classification number DS646.29.D5
Item number A5 1956
110 1# - MAIN ENTRY--CORPORATE NAME
Corporate name or jurisdiction name as entry element Indonesia.
Subordinate unit Departemen Penerangan.
245 10 - TITLE STATEMENT
Title Short guide :
Remainder of title Djakarta, Bogor, Bandung.
250 ## - EDITION STATEMENT
Edition statement 4th ed.
260 ## - PUBLICATION, DISTRIBUTION, ETC.
Place of publication, distribution, etc. Djakarta :
Name of publisher, distributor, etc. Ministry of Information, Republic of Indonesia,
Date of publication, distribution, etc. [1956]
300 ## - PHYSICAL DESCRIPTION
Extent 160 p. :
Other physical details ill., folded maps ;
Dimensions 21 cm.
651 #0 - SUBJECT ADDED ENTRY--GEOGRAPHIC NAME
Geographic name Jakarta (Indonesia)
Form subdivision Guidebooks.
651 #0 - SUBJECT ADDED ENTRY--GEOGRAPHIC NAME
Geographic name Bogor (Indonesia)
Form subdivision Guidebooks.
651 #0 - SUBJECT ADDED ENTRY--GEOGRAPHIC NAME
Geographic name Bandung (Indonesia)
Form subdivision Guidebooks.

No items available.

Powered by Koha